[Event "Muensterland Verbandsliga 0809"]
[Site "Germany"]
[Date "2008.12.13"]
[Round "4.6"]
[White "Kleinwaechter, Matthias"]
[Black "Kloster, Dennis"]
[Result "1-0"]
[WhiteElo "1994"]
[BlackElo "1528"]
[PlyCount "49"]
[EventDate "2008.09.20"]
[EventType "team-tourn"]
[EventRounds "9"]
[EventCountry "GER"]
[SourceTitle "EXT 2010"]
[Source "ChessBase"]
[SourceDate "2010.11.25"]
[SourceVersion "1"]
[SourceVersionDate "2010.11.25"]
[SourceQuality "1"]
[WhiteTeam "Saerbeck"]
[BlackTeam "Stadtlohn"]
[WhiteTeamCountry "GER"]
[BlackTeamCountry "GER"]

1. e4 e6 2. d4 d5 3. exd5 exd5 4. Nf3 Nf6 5. Bd3 Bd6 6. 0-0 0-0 7. c4 b6 8. Nc3 Bb7 9. Bg5 dxc4 10. Bxc4 h6 11. Bh4 Nc6 12. a3 Qd7 13. Re1 Qg4 14. Bxf6 gxf6 15. Nd5 Qg7 16. Qd3 Kh8 17. Rad1 Rg8 18. g3 Nd8 19. Nh4 Ne6 20. Nf5 Qg4 21. Nxd6 Bxd5 22. Bxd5 cxd6 23. Bxa8 Rxa8 24. Qe4 Qg5 25. Qxa8+ 1-0